<?xml version="1.0" encoding="UTF-8"?>
<record
    xmlns:xsi="http://www.w3.org/2001/XMLSchema-instance"
    xsi:schemaLocation="http://www.loc.gov/MARC21/slim http://www.loc.gov/standards/marcxml/schema/MARC21slim.xsd"
    xmlns="http://www.loc.gov/MARC21/slim">

  <leader>01281nam a2200205 a 4500</leader>
  <controlfield tag="001">ASIN1842751387</controlfield>
  <controlfield tag="005">20170105102923.0</controlfield>
  <controlfield tag="008">131209s2006    xxu                 eng d</controlfield>
  <datafield tag="020" ind1=" " ind2=" ">
    <subfield code="a">1842751387 (hardcover)</subfield>
    <subfield code="c">$39.95</subfield>
  </datafield>
  <datafield tag="020" ind1=" " ind2=" ">
    <subfield code="a">9788173141362 (hardcover)</subfield>
  </datafield>
  <datafield tag="040" ind1=" " ind2=" ">
    <subfield code="a">0</subfield>
  </datafield>
  <datafield tag="100" ind1="1" ind2=" ">
    <subfield code="a">Comfort, Nicholas.</subfield>
  </datafield>
  <datafield tag="245" ind1="1" ind2="4">
    <subfield code="a">The politics book :</subfield>
    <subfield code="b">a lexicon of  political facts from abu ghraib to zippergate /</subfield>
    <subfield code="c">Nicholas Comfort.</subfield>
  </datafield>
  <datafield tag="250" ind1=" " ind2=" ">
    <subfield code="a">Revised.</subfield>
  </datafield>
  <datafield tag="260" ind1=" " ind2=" ">
    <subfield code="a">[S.l.] :</subfield>
    <subfield code="b">Methuen Publishing Ltd,</subfield>
    <subfield code="c">2006.</subfield>
  </datafield>
  <datafield tag="300" ind1=" " ind2=" ">
    <subfield code="a">400 p. ;</subfield>
    <subfield code="c">24 cm.</subfield>
  </datafield>
  <datafield tag="520" ind1=" " ind2=" ">
    <subfield code="a">The Politics Book is a snapshot of how the language of politics has developed. It has always been the richest of languages, because of the vivid way in which many of our politicians express themselves, from the sound-bites with which they woo the voters to the devastating put-downs they use on each other. If a week in politics is a long time, twelve years is an eternity. It is that long since Brewer's Politics , the precursor of this volume, first appeared, and in that time the lexicon has grown exponentially. Nicholas Comfort is a government relations consultant and author of How to Handle the Media .</subfield>
  </datafield>
  <datafield tag="856" ind1="4" ind2="0">
    <subfield code="3">Amazon.com</subfield>
    <subfield code="u">http://www.amazon.com/exec/obidos/ASIN/1842751387/chopaconline-20</subfield>
  </datafield>
  <datafield tag="942" ind1=" " ind2=" ">
    <subfield code="2">ddc</subfield>
    <subfield code="c">BK</subfield>
  </datafield>
  <datafield tag="999" ind1=" " ind2=" ">
    <subfield code="c">15664</subfield>
    <subfield code="d">15664</subfield>
  </datafield>
  <datafield tag="952" ind1=" " ind2=" ">
    <subfield code="0">0</subfield>
    <subfield code="1">0</subfield>
    <subfield code="4">0</subfield>
    <subfield code="7">0</subfield>
    <subfield code="8">NFIC</subfield>
    <subfield code="a">CIPS</subfield>
    <subfield code="b">CIPS</subfield>
    <subfield code="c">GEN</subfield>
    <subfield code="d">2013-09-27</subfield>
    <subfield code="l">0</subfield>
    <subfield code="o">320.014 COM 2006</subfield>
    <subfield code="p">CIPS0001593</subfield>
    <subfield code="r">2013-12-09</subfield>
    <subfield code="w">2013-12-09</subfield>
    <subfield code="y">BK</subfield>
  </datafield>
</record>
